दिव्य कमळ (Record no. 425766)

MARC details
000 -LEADER
fixed length control field 00460nam a2200157Ia 4500
008 - FIXED-LENGTH DATA ELEMENTS--GENERAL INFORMATION
fixed length control field 100122s9999 xx 000 0 und d
082 ## - DEWEY DECIMAL CLASSIFICATION NUMBER
Item number 46681
Classification number BM823.08
100 ## - MAIN ENTRY--PERSONAL NAME
Personal name बागवे शशीकांत
245 ## - TITLE STATEMENT
Title दिव्य कमळ
250 ## - EDITION STATEMENT
Edition statement 0
260 ## - PUBLICATION, DISTRIBUTION, ETC. (IMPRINT)
Name of publisher, distributor, etc अरगडे कुलकणी प्रकाशन
Date of publication, distribution, etc 1905
300 ## - PHYSICAL DESCRIPTION
Extent 57
630 ## - SUBJECT ADDED ENTRY--UNIFORM TITLE
Uniform title दिव्य कमळ
730 ## - ADDED ENTRY--UNIFORM TITLE
Uniform title दिव्य कमळ
942 ## - ADDED ENTRY ELEMENTS (KOHA)
Koha item type Book
Holdings
Withdrawn status Lost status Damaged status Not for loan Home library Current library Date acquired Cost, normal purchase price Total Checkouts Full call number Barcode Date last seen Cost, replacement price Price effective from Koha item type Public note
        S.V. Pathak Library, Vile Parle S.V. Pathak Library, Vile Parle 06/04/1992 57.00   46681 SVPPARLE-46681 01/25/2010 57.00 01/25/2010 Book General NA